000 00349nam a2200121 a 4500
008 110511s2001|||| d
100 1 _aLelong, F. - Laroche, Jean - Louis
245 1 0 _aGrenoble entre lacs etmontagnes - A city lakes and mountains
260 _bLes Points Cardinaux
_aLyon
_c2001
020 _c30
041 _aeng - fre
044 _aFR
999 _c19542
_d19542